[Event "LLA"]
[Site "Uttendorf"]
[Date "2005.11.12"]
[Round "?"]
[White "Engelsberger, Benno"]
[Black "Grundner, Alois"]
[Result "0-1"]
[WhiteElo "1744"]
[BlackElo "1863"]
[Annotator "Fritz 8 (15s)"]
[PlyCount "100"]
[TimeControl "300"]

{96MB, Fritz8.ctg, OEMComputer A00: Unregelmäßige Eröffnungen} 1. Nc3 d5 2. e4
d4 3. Nce2 e5 4. Ng3 Nf6 5. Bc4 {letzter Buchzug} Be7 6. h3 {Sichert g4} c5 7.
Nf3 Nc6 8. a3 {Punkt b4} Qc7 9. d3 b5 10. Ba2 O-O 11. Bg5 (11. O-O Rb8 $11)
11... h6 12. Bxf6 Bxf6 (12... gxf6 13. Nh4 Kh7 14. Nhf5 Bxf5 15. Nxf5 $18 (15.
exf5 $6 Qa5+ 16. Kf1 Rab8 $11)) 13. Nh5 Qe7 (13... Bd8 14. O-O $15) 14. O-O Be6
15. Bxe6 Qxe6 16. Ng3 Kh7 17. a4 (17. Qe2 g6 $11) 17... a6 $15 18. Nd2 c4 {Der
Standardhebel} (18... g6 19. Qe2 $15) 19. f4 (19. Qe2 cxd3 20. cxd3 g6 $11)
19... exf4 20. Rxf4 (20. Nh5 Bg5 $15) 20... Bg5 21. Rf5 Ne7 22. Rf1 cxd3 (22...
Be3+ 23. Kh1 $15) 23. cxd3 f5 (23... Be3+ 24. Kh1 $15) 24. Nf3 (24. axb5 Qe5
25. Nxf5 Nxf5 26. exf5 Qe3+ 27. Kh1 Qxd2 28. Qxd2 Bxd2 29. bxa6 $17) 24... Be3+
{Läßt den Läufer von der Leine} 25. Kh1 Qg6 26. Qe1 f4 27. Ne2 {[%cal Re2d4,
Rf3d4,Ge3d4] Nimmt den Isolani ins Visier} Nc6 28. Nh4 Qe6 29. axb5 (29. Nf5 b4
$15) 29... axb5 30. Rxa8 Rxa8 31. Nxf4 (31. Nf5 $5 {kam sehr in Betracht} Ra2
32. Nxf4 Bxf4 33. Rxf4 $17) 31... Bxf4 $19 32. Rxf4 g5 33. Rf5 gxh4 34. Qxh4
Nd8 (34... Qd6 $142 $5 35. g3 Rf8 $19) 35. Rf6 (35. Qf4 $5 {kommt in Betracht}
Qg6 36. Rf6 $11) 35... Ra1+ $15 36. Kh2 Qe5+ 37. Qf4 $2 (37. g3 $142 {und Weiß
kann noch kämpfen} Qg5 38. Qxg5 hxg5 39. Rd6 $15) 37... Qxf4+ $19 38. Rxf4 Rd1
39. Rf5 Rxd3 40. Rxb5 Re3 41. Rd5 Ne6 42. e5 (42. b4 Rxe4 43. b5 Re2 $19) 42...
Re2 43. b4 Rxg2+ $1 {Zerstörung der Bauerndeckung} 44. Kh1 $2 (44. Kxg2 {Motiv:
Hinlenkung-> g2} Nf4+ {Motiv: Doppelangriff}) 44... Rb2 45. b5 (45. Rd6 {ist
noch eine dünne Chance} Ng5 46. Kg1 Nxh3+ 47. Kf1 $19) 45... Kg6 46. Rd6 Kf5
47. b6 (47. Kg1 {hilft auch nicht mehr} Kxe5 48. Rd7 Nf4 $19) 47... Kxe5 48.
Rd7 Rxb6 49. Kg2 Rd6 (49... Nf4+ {und Schwarz hätte es noch leichter} 50. Kf2
Nxh3+ 51. Kf3 Rb3+ 52. Ke2 Nf4+ 53. Kd1 $19) 50. Rh7 (50. Rxd6 Kxd6 51. Kf2 $19
) 50... d3 (50... d3 51. Rb7 d2 $19) 0-1

[Event "LLB"]
[Site "Uttendorf"]
[Date "2005.11.19"]
[Round "?"]
[White "Werndl, Erich"]
[Black "Grundner, Alois"]
[Result "0-1"]
[WhiteElo "2114"]
[BlackElo "1863"]
[Annotator "Fritz 8 (15s)"]
[PlyCount "36"]
[TimeControl "300"]

{96MB, Fritz8.ctg, OEMComputer B01: Skandinavische Verteidigung} 1. e4 d5 2.
Nc3 dxe4 3. Nxe4 e5 4. Bc4 {letzter Buchzug} Bf5 5. Qe2 (5. Qf3 Qc8 $16) 5...
Nd7 6. Nf3 Bd6 7. d4 Qe7 8. O-O O-O-O 9. Nxd6+ cxd6 10. dxe5 dxe5 11. Bg5 f6
12. Be3 Kb8 13. Rfd1 Nh6 14. Bxh6 gxh6 15. Nd4 Bg6 16. a4 Nb6 17. Bb3 Nc8 18.
a5 $4 {gibt den Vorteil aus der Hand.} (18. Nb5 $142 $14 {bringt noch Rettung})
18... exd4 (18... exd4 19. Qf3 Rhe8 $19) 0-1

[Event "LLA"]
[Site "Uttendorf"]
[Date "2005.11.27"]
[Round "?"]
[White "Grundner, Alois"]
[Black "Huber, Josef"]
[Result "1/2-1/2"]
[WhiteElo "1863"]
[BlackElo "1851"]
[Annotator "Fritz 8 (15s)"]
[PlyCount "74"]
[TimeControl "240+2"]

{96MB, Fritz8.ctg, OEMComputer A50: Damenindisch (ohne e7-e6)} 1. d4 Nf6 2. c4
Nc6 3. Nf3 e6 4. Nc3 Bb4 5. Bg5 h6 6. Bh4 g5 7. Bg3 Ne4 8. Qc2 {letzter Buchzug
} Nxg3 9. hxg3 ({Schlechter ist} 9. fxg3 g4 10. Ne5 Nxd4 $17) 9... Qf6 (9... g4
$5 {ist bedenkenswert} 10. a3 Be7 $11) 10. e3 $14 d6 {Sichert e5} 11. Bd3 e5
12. d5 {Weiß erobert Raum} Bxc3+ 13. Qxc3 Ne7 14. Nd2 Bf5 15. e4 Bd7 16. c5 {
Nimzowitsch: Bauernketten von der Basis aufrollen} Kf8 $2 (16... dxc5 17. Qxc5
c6 18. Nc4 $16) 17. O-O (17. cxd6 $142 $5 Qxd6 18. Nc4 Qc5 19. Qxe5 Ng6 $18)
17... Rc8 (17... dxc5 18. f4 gxf4 19. gxf4 $16) 18. f4 (18. cxd6 cxd6 19. Qa5
Qg6 $18) 18... Ng6 (18... gxf4 $5 19. gxf4 Rg8 $16) 19. f5 $18 Ne7 20. Nc4 Bb5
$2 (20... h5 21. cxd6 cxd6 22. Qa3 $16) 21. Nxe5 $4 {gibt den Vorteil aus der
Hand} (21. Ne3 $142 {ließe Schwarz keine Chance} Bxd3 22. Ng4 (22. Qxd3 $6 h5
$16) 22... Bxf1 23. Nxf6 $18) 21... dxe5 22. Bxb5 c6 23. dxc6 Nxc6 24. Bxc6
Qxc6 25. Qxe5 f6 26. Qd6+ Qxd6 27. cxd6 Ke8 28. Rad1 Kd7 29. Rf2 Rc6 30. Rfd2
Re8 31. Rd4 Rc2 32. Rb4 b6 33. Kf1 (33. Rd3 h5 $16) 33... Rec8 34. Rdd4 (34.
Rb3 h5 $14) 34... R8c6 35. a3 Rxd6 36. g4 Ke7 37. b3 Rb2 1/2-1/2

[Event "LLB"]
[Site "Uttendorf"]
[Date "2005.12.03"]
[Round "?"]
[White "Junger, Gerald"]
[Black "Grundner, Alois"]
[Result "1/2-1/2"]
[WhiteElo "1898"]
[BlackElo "1863"]
[Annotator "Fritz 8 (15s)"]
[PlyCount "65"]
[TimeControl "240+2"]

{96MB, Fritz8.ctg, OEMComputer A18: Englische Eröffnung} 1. c4 Nf6 2. Nc3 e6 3.
e4 d5 4. cxd5 exd5 5. e5 d4 6. exf6 dxc3 {letzter Buchzug} 7. bxc3 Qxf6 8. d4
Be7 9. Nf3 O-O 10. Be2 c6 {Verhindert das Eindringen auf b5} (10... Qg6 11. O-O
$11) 11. O-O Bg4 (11... h6 12. Re1 $14) 12. h3 Bxf3 13. Bxf3 Nd7 14. Qb3 b6 15.
Bb2 Rac8 16. Rfe1 Bd6 17. Re4 Bb8 (17... Qf5 18. Re3 Nf6 19. c4 $14) 18. Ba3 c5
19. Rae1 g6 {Kontrolliert h5} (19... Bd6 20. Bc1 $14) 20. Re7 (20. Qa4 $5 Qd6
21. g3 $16) 20... Qf4 $14 21. Bd5 (21. Rxd7 $2 {ist naheliegend und schlecht}
Qh2+ 22. Kf1 Qh1+ 23. Ke2 Rce8+ 24. Kd3 Rxe1 $19) 21... Rcd8 (21... Qh2+ $5 22.
Kf1 Nf6 23. dxc5 Rcd8 $11) 22. g3 $16 Qf5 23. Kg2 Bd6 24. R7e3 Nf6 25. Be4 (25.
Bc4 Rde8 $14) 25... Qc8 26. dxc5 Bxc5 27. Bxc5 Qxc5 28. Bf3 Kg7 29. Re5 Qc7 30.
Re7 Rd7 31. Rxd7 Qxd7 32. Rd1 Qc7 33. Rc1 1/2-1/2

[Event "LL B"]
[Site "Uttendorf"]
[Date "2005.12.16"]
[Round "?"]
[White "Maier, Georg"]
[Black "Grundner, Alois"]
[Result "1/2-1/2"]
[WhiteElo "2069"]
[BlackElo "1863"]
[Annotator "Fritz 8 (15s)"]
[PlyCount "80"]
[TimeControl "240+2"]

{96MB, Fritz8.ctg, OEMComputer D36: Damengambit (Abtauschvariante)} 1. d4 Nf6
2. c4 e6 3. Nc3 d5 4. cxd5 exd5 5. Bg5 Nbd7 6. e3 c6 7. Qc2 Be7 8. Bd3 O-O 9.
Nge2 Re8 10. O-O Nf8 11. Rab1 Ne4 12. Bxe7 Qxe7 13. Bxe4 dxe4 14. Ng3 f5 15.
Rfd1 Be6 {[%cal Yc4d3,Ye6c4,Yc8e6] Plant Lc8-e6-c4-d3. letzter Buchzug} 16. d5
cxd5 17. Nxd5 Qf7 18. Nc3 Bc4 19. Qa4 Bd3 {Läßt den Läufer von der Leine} 20.
Rbc1 a6 {Überdeckt b5} 21. Qa5 g6 {Befestigt h5} (21... b5 22. f3 $11) 22. Qd5
(22. f3 Nd7 $11) 22... Rad8 23. Qxf7+ (23. Qa5 Qf6 $11) 23... Kxf7 24. Na4 Ne6
25. Nc5 Nxc5 26. Rxc5 Rc8 27. Rdc1 Rxc5 28. Rxc5 Re7 29. h4 Rd7 30. h5 Bb5 31.
Kh2 Bc6 32. Rc2 Bb5 33. b3 (33. Rc5 Kf6 $15) 33... Kg7 34. a4 Bd3 35. Rc1 Re7
36. Rc8 Rd7 37. Kh3 Re7 38. Kh4 Kf6 39. Rf8+ Kg7 40. Rc8 Kf6 1/2-1/2

[Event "LLB"]
[Site "?"]
[Date "2006.02.04"]
[Round "?"]
[White "Grundner, Alois"]
[Black "Berger, Stefan"]
[Result "1/2-1/2"]
[WhiteElo "1897"]
[BlackElo "1817"]
[Annotator "Fritz 8 (30s)"]
[PlyCount "33"]

{E24: Nimzoindisch (Sämisch-Variante)} 1. d4 Nf6 2. c4 e6 3. Nc3 Bb4 4. a3
Bxc3+ 5. bxc3 c5 6. Nf3 b6 7. Bg5 (7. dxc5 bxc5 8. Bf4 Qa5 $14) 7... Bb7 8. e3
h6 9. Bxf6 (9. Bh4 $5 $11) 9... Qxf6 $15 10. Bd3 O-O 11. e4 d6 {Punkt e5} 12.
O-O Nc6 13. d5 {Raumgewinn} Na5 14. Qc2 Ba6 15. Nd2 e5 16. Rae1 Rfe8 17. Re3
1/2-1/2

[Event "LLB"]
[Site "?"]
[Date "2006.03.04"]
[Round "?"]
[White "Grundner, Alois"]
[Black "Donegani, Peter"]
[Result "1/2-1/2"]
[WhiteElo "1893"]
[BlackElo "2101"]
[Annotator "Fritz 8 (30s)"]
[PlyCount "53"]

{D94: Grünfeld-Verteidigung (Geschlossenes System)} 1. d4 Nf6 2. c4 g6 (2... e6
3. Nf3 $11) 3. Nc3 d5 4. Nf3 Bg7 5. e3 c5 (5... O-O 6. Qb3 dxc4 7. Bxc4 $11) 6.
cxd5 (6. dxc5 $5 Be6 7. Qb3 $16) 6... Nxd5 $14 7. Bc4 Nxc3 8. bxc3 O-O 9. O-O
Nc6 10. Ba3 Na5 11. Be2 cxd4 12. cxd4 Be6 13. Qa4 Bf6 (13... Nc6 14. Rfc1 $14)
14. Rfc1 a6 {Verwehrt dem Gegner b5} 15. Rc3 b5 16. Qc2 Nc4 17. Bxc4 Bxc4 18.
Nd2 Be6 19. Bc5 {Da gehört der Läufer hin} Bd7 (19... Qd7 20. Rc1 $11) 20. Rc1
$14 Re8 21. a3 Rc8 22. h3 {Überdeckt g4} e5 23. Ne4 exd4 24. Nxf6+ Qxf6 25.
Bxd4 Qe6 26. Qb2 f5 27. Rxc8 1/2-1/2

[Event "LLB"]
[Site "?"]
[Date "2006.03.25"]
[Round "11"]
[White "Krimbacher, Walter"]
[Black "Grundner, Alois"]
[Result "1/2-1/2"]
[WhiteElo "1940"]
[BlackElo "1896"]
[Annotator "Fritz 8 (30s)"]
[PlyCount "72"]

{D36: Damengambit (Abtauschvariante)} 1. d4 Nf6 2. Nf3 e6 3. c4 d5 4. Bg5 Nbd7
5. Nc3 c6 {Es geht um b5} 6. cxd5 exd5 7. e3 Be7 8. Bd3 O-O 9. Qc2 Re8 10. O-O
Ne4 11. Bxe4 ({Und nicht} 11. Nxe4 dxe4 12. Bxe4 Bxg5 13. Bxh7+ Kh8 $17) 11...
dxe4 (11... Bxg5 12. Bxh7+ Kh8 13. Bd3 Bf6) 12. Nxe4 Nf8 (12... Bxg5 $5 {muß
beachtet werden} 13. Nexg5 Nf8 $14) 13. Bxe7 $16 Qxe7 14. Ng3 Ng6 15. h3 Qf6
16. Nh5 Qd6 17. Rac1 Qd5 18. Qc5 Qxa2 19. b4 Qe6 20. Rfd1 Bd7 21. Ra1 a6 22.
Ra5 {[%cal Yd4d5] Jetzt hängt d5 in der Luft} Rad8 23. Qc3 f6 {Deckt e5+g5} 24.
d5 cxd5 25. Raxd5 ({Schwächer ist} 25. Rdxd5 b6 26. Nd4 Qf7 27. Rxd7 Rxd7 28.
Rxa6 Rc7 $15) 25... Rc8 26. Qd2 (26. Rc5 $142 $5 {ist zu prüfen} Qf7 27. Nd4
$14) 26... Bc6 $15 27. Rd6 Qe7 28. Qa2+ Kh8 29. Qe2 (29. Ng3 Qf8 $11) 29... Ba4
30. R1d2 $2 (30. R1d4 $142 $11 {ist die einzige Rettung}) 30... Rc1+ $19 31.
Kh2 Bb5 32. R6d3 Rc3 $1 {war die Absicht} 33. Qd1 (33. Rxc3 {Nutzt die
Fesselung aus} Bxe2) 33... Rxd3 34. Rxd3 Bxd3 35. Qxd3 Qxb4 36. Qd7 Qe7 1/2-1/2

[Event "LLB"]
[Site "?"]
[Date "2007.01.13"]
[Round "6"]
[White "Hutz, Gerhard"]
[Black "Grundner, Alois"]
[Result "1/2-1/2"]
[WhiteElo "1987"]
[BlackElo "1935"]
[Annotator "Fritz 8 (30s)"]
[PlyCount "55"]

{D30: Damengambit (ohne Sc3)} 1. c4 Nf6 2. d4 e6 3. Nf3 d5 4. Bf4 Be7 5. e3 c6
6. Qa4 O-O 7. Bxb8 Rxb8 8. Qxa7 Bb4+ 9. Nbd2 Bd7 10. Qa4 c5 11. Qc2 Qa5 (11...
cxd4 12. exd4 (12. Nxd4 $143 Ne4 13. N4f3 Qf6 $19) 12... dxc4 13. Bxc4 $15) 12.
a3 (12. dxc5 Rfc8 13. a3 $11) 12... Ne4 (12... cxd4 $5 {ist eine Alternative}
13. exd4 dxc4 14. Bxc4 Rbc8 $11) 13. Rd1 Bxd2+ 14. Nxd2 cxd4 15. exd4 Rbc8 16.
Bd3 f5 (16... Ba4 17. b3 dxc4 18. Bxc4 $15) 17. Bxe4 $14 fxe4 18. O-O (18. Qc3
Qxc3 19. bxc3 Rc7 $16) 18... b6 (18... Bb5 19. b3 $11) 19. Rc1 Rc7 (19... Bb5
$5 $14 {kommt in Betracht}) 20. Qc3 $16 Qa8 21. Qe3 Rfc8 22. c5 (22. f3 exf3
23. Qxf3 dxc4 24. Qf7+ Kh8 25. Rxc4 h6 26. Rxc7 Rxc7 $18) 22... e5 23. b4 (23.
Nb3 $5 bxc5 24. Rxc5 Rxc5 25. Nxc5 $16 (25. dxc5 $6 Rb8 $11)) 23... exd4 24.
Qxd4 Be6 (24... bxc5 25. Rxc5 Rxc5 26. bxc5 $14) 25. Rc3 bxc5 26. bxc5 Qa5 (
26... Ra7 $142 $14) 27. Qb4 $4 {danach kann Weiß alle Träume begraben} (27.
Rfc1 $142 $16) 27... Rxc5 $15 28. Qxa5 1/2-1/2

[Event "LLB"]
[Site "?"]
[Date "2007.01.27"]
[Round "?"]
[White "Grundner, Alois"]
[Black "Huch, Rainer"]
[Result "1/2-1/2"]
[WhiteElo "1931"]
[BlackElo "2256"]
[Annotator ",Lois"]
[PlyCount "129"]
[TimeControl "300"]

{37MB, LOIS-LXIC8KMRWW} 1. d4 d5 2. c4 c6 3. Nf3 Nf6 4. Nc3 a6 5. e3 b5 6. cxd5
cxd5 7. a3 Bg4 8. Be2 e6 9. O-O Bd6 10. Ne5 Bxe2 11. Qxe2 O-O 12. b4 Nbd7 13.
f4 Rc8 14. Bb2 Nb6 15. Nd3 Nc4 16. Nc5 Bxc5 17. bxc5 Qd7 18. Rfb1 Ra8 19. Bc1
Rfb8 20. Bd2 a5 21. Be1 Qc6 22. h3 b4 23. axb4 Rxb4 ({0.53 Fritz 8:} 23... axb4
{[%eval -19,11]}) 24. Bf2 ({-0.38 Fritz 8:} 24. Rxa5 Rxb1 25. Rxa8+ Qxa8 26.
Nxb1 Kf8 27. Nc3 Qa1 {[%eval 53,11]}) (24. Nxd5 {[%emt 0:00:00]} exd5 {[%emt 0:
00:05]} 25. Bxb4 {[%emt 0:00:04]} axb4 {[%emt 0:00:00]} 26. Rxa8+ {[%emt 0:00:
02]} Qxa8 {[%emt 0:00:00]} 27. Rxb4 {[%emt 0:00:02]} h6 {[%emt 0:00:04]} 28.
Rxc4 {[%emt 0:00:07]} dxc4 {[%emt 0:00:04]} 29. Qxc4 {[%emt 0:00:04]} Nd5 {
[%emt 0:00:17]} 30. Kf2 {[%emt 0:00:06]} Qc6 {[%emt 0:00:11]} 31. Qb3 {[%emt 0:
00:06]} Qe6 {[%emt 0:00:07]} 32. Qb8+ {[%emt 0:00:08]} Kh7 {[%emt 0:00:02]} 33.
Qe5 {[%emt 0:00:12]} Qxe5 {[%emt 0:00:06]} 34. fxe5 {[%emt 0:00:01]} Kg6 {
[%emt 0:00:05]} 35. Kf3 {[%emt 0:00:03]} Kf5 {[%emt 0:00:02]}) 24... Rab8 25.
Qa2 g6 26. Qc2 Rb2 27. Qc1 R2b4 28. Qc2 Ne8 29. Kh2 ({-1.78 Fritz 8:} 29. Rxb4
axb4 30. Qb3 Qc7 31. Ne2 Nf6 32. Ra4 Na5 33. Qb2 Nc6 {[%eval -25,11]}) 29...
Ng7 ({-0.31 Fritz 8:} 29... Rxb1 30. Rxb1 Na3 31. Qa2 Nxb1 32. Nxb1 a4 33. Nc3
Ra8 34. Qa3 {[%eval -178,11]}) 30. Nd1 R8b7 31. Bg1 ({-4.22 Fritz 8:} 31. Rxb4
axb4 32. Nb2 b3 33. Qc1 Rb8 34. Kg1 Nf5 35. g4 {[%eval -9,12]}) 31... f6 ({-0.
25 Fritz 8:} 31... Rxb1 32. Rxb1 Na3 33. Qa2 Nxb1 34. Qxa5 Nf5 35. Qd8+ Kg7 {
[%eval -422,11]}) 32. Nc3 Nf5 33. Qc1 Rb3 ({-0.12 Fritz 8:} 33... g5 34. Rxb4
Rxb4 35. Bf2 gxf4 36. exf4 {[%eval -78,9]}) 34. Bf2 ({-0.78 Fritz 8:} 34. Rxb3
Rxb3 35. Ne4 Nfxe3 36. Nxf6+ Kg7 37. Bxe3 Kxf6 38. Bf2 {[%eval -12,11]}) 34...
Rb2 35. Bg1 Nh4 36. Rxb2 Rxb2 37. Ra2 Nf3+ 38. Kh1 Rxa2 39. Nxa2 Nfd2 40. Nc3
Qb7 41. Qa1 Qb4 42. Qa4 Qxa4 (42... Qxc3 {[%emt 0:00:00]} 43. Qe8+ {[%emt 0:00:
05]} Kg7 {[%emt 0:00:03]} 44. Qe7+ {[%emt 0:00:01]} Kh6 {[%emt 0:00:01]} 45. g4
{[%emt 0:00:00]} g5 {[%emt 0:00:19]} 46. Qxf6# {[%emt 0:00:00]}) 43. Nxa4 Kf7
44. g4 Ke7 45. Kg2 Kd7 46. Kf2 Kc6 47. Ke2 Kb5 48. Nc3+ Kb4 49. Kd3 Kb3 50. f5
exf5 51. gxf5 ({-0.75 Fritz 8:} 51. Nxd5 {[%eval 56,11]} a4 {[%emt 0:00:08]}
52. c6 {[%emt 0:00:08]} a3 {[%emt 0:00:15]} 53. c7 {[%emt 0:00:11]} Nd6 {[%emt
0:00:16]} 54. Nc3 {[%emt 0:00:06]} N2e4 {[%emt 0:00:02]} 55. Bh2 {[%emt 0:00:
12]} Nc8 {[%emt 0:00:02]} 56. Na2 {[%emt 0:00:06]} Kxa2 {[%emt 0:00:02]} 57.
Kc2 {[%emt 0:00:13]} fxg4 {[%emt 0:00:21]} 58. hxg4 {[%emt 0:00:04]} h5 {[%emt
0:00:02]} 59. gxh5 {[%emt 0:00:03]} gxh5 {[%emt 0:00:03]} 60. d5 {[%emt 0:00:
01]} Ned6 {[%emt 0:00:14]} 61. Bxd6 {[%emt 0:00:05]}) 51... gxf5 ({-0.06 Fritz
8:} 51... Nf3 52. Bf2 Nb2+ 53. Ke2 Nxd4+ 54. exd4 Kxc3 55. c6 Nc4 56. c7 Nd6
57. Be1+ Kxd4 58. Bxa5 gxf5 {[%eval -75,13]}) 52. Nxd5 a4 53. Nc3 ({-1.91
Fritz 8:} 53. c6 a3 54. c7 Nd6 55. Bh2 Nc8 56. Nc3 Ne4 57. Ne2 {[%eval -6,13]})
53... Ne4 ({1.97 Fritz 8:} 53... a3 54. Ne2 Kb2 55. Nc3 Ne4 56. Kxc4 Nxc3 57.
c6 a2 {[%eval -191,12]}) 54. Nxa4 Kb4 55. Bh2 ({0.72 Fritz 8:} 55. Nb6 Nb2+ 56.
Kc2 Nc4 57. Nxc4 Kxc4 58. c6 Kd5 59. c7 Nd6 60. Bh2 Nc8 61. Bf4 {[%eval 213,14]
}) 55... Nf2+ ({1.63 Fritz 8:} 55... Kb5 56. Bc7 Nf2+ 57. Ke2 Nxh3 58. Nb6 Ng5
59. Nc8 Kc6 60. Bf4 Ne4 {[%eval 72,13]}) 56. Ke2 Nxh3 57. Nb6 Na5 58. Kf3 Nc6
59. Nd5+ Kc4 60. Nxf6 Ng5+ ({3.13 Fritz 8:} 60... h6 61. Ng8 h5 62. Kg3 Ng5 63.
Kf4 Ne4 64. Kxf5 Nc3 {[%eval 219,13]}) 61. Kf4 Ne6+ 62. Kxf5 Nexd4+ 63. exd4
Nxd4+ 64. Kg4 ({0.94 Fritz 8:} 64. Ke5 h6 (64... Kxc5 {[%emt 0:00:00]} 65. Bg1
{[%emt 0:00:02]} Kc6 {[%emt 0:00:13]} 66. Kxd4 {[%emt 0:00:04]} h6 {[%emt 0:00:
12]} 67. Be3 {[%emt 0:00:02]} h5 {[%emt 0:00:07]} 68. Nxh5 {[%emt 0:00:03]} Kb6
{[%emt 0:00:08]} 69. Nf6 {[%emt 0:00:10]} Kc6 {[%emt 0:00:10]} 70. Ne4 {[%emt
0:00:02]} Kb7 {[%emt 0:00:08]} 71. Kc5 {[%emt 0:00:05]} Kc7 {[%emt 0:00:13]}
72. Nf6 {[%emt 0:04:53]} Kb7 {[%emt 0:00:00]} 73. Bf4 {[%emt 0:00:03]} Ka6 {
[%emt 0:00:11]} 74. Nd7 {[%emt 0:00:14]} Ka7 {[%emt 0:00:12]} 75. Nb6 {[%emt 0:
00:34]} Kb7 {[%emt 0:00:06]} 76. Kb5 {[%emt 0:00:01]} Ka7 {[%emt 0:00:02]} 77.
Kc6 {[%emt 0:00:01]} Ka6 {[%emt 0:00:03]} 78. Nd5 {[%emt 0:00:06]} Ka7 {[%emt
0:00:07]} 79. Bc7 {[%emt 0:00:10]} Ka8 {[%emt 0:00:07]} 80. Nb6+ {[%emt 0:00:
04]} Ka7 {[%emt 0:00:01]} 81. Bd6 {[%emt 0:00:01]} Ka6 {[%emt 0:00:03]} 82. Bb8
{[%emt 0:00:00]} Ka5 {[%emt 0:00:00]} 83. Nd5 {[%emt 0:00:02]} (83. Nd5 {[%emt
0:00:00]} Ka4 {[%emt 0:00:04]} 84. Kc5 {[%emt 0:00:00]} Kb3 {[%emt 0:00:06]}
85. Nb4 {[%emt 0:00:00]} Kb2 {[%emt 0:00:13]} 86. Bf4 {[%emt 0:00:11]} Kc3 {
[%emt 0:00:06]} 87. Bg5 {[%emt 0:00:06]} Kb3 {[%emt 0:00:11]} 88. Bf6 {[%emt 0:
00:05]} Ka4 {[%emt 0:00:00]} 89. Kc4 {[%emt 0:00:02]} Ka5 {[%emt 0:00:04]} 90.
Bd8+ {[%emt 0:00:01]} Ka4 {[%emt 0:00:05]} 91. Nd3 {[%emt 0:00:02]} Ka3 {[%emt
0:00:01]} 92. Bc7 {[%emt 0:00:27]} Ka4 {[%emt 0:00:01]} 93. Nb2+ {[%emt 0:00:
02]} Ka3 {[%emt 0:00:01]} 94. Kc3 {[%emt 0:00:02]} Ka2 {[%emt 0:00:02]} 95. Kc2
{[%emt 0:00:07]} Ka1 {[%emt 0:00:07]} 96. Bd6 {[%emt 0:00:03]} Ka2 {[%emt 0:00:
00]} 97. Nd3 {[%emt 0:00:06]} Ka1 {[%emt 0:00:06]} 98. Bc5 {[%emt 0:00:03]} Ka2
{[%emt 0:00:00]} 99. Nc1+ {[%emt 0:00:01]} Ka1 {[%emt 0:00:01]} 100. Bd4# {
[%emt 0:00:01]}) 83... Ka4 {[%emt 0:00:05]} 84. Be5 {[%emt 0:00:28]} Kb3 {
[%emt 0:00:07]}) 65. Bg1 Nc6+ 66. Kd6 Kb5 67. Nd5 Na5 68. Nc7+ Kb4 69. c6 Nc4+
70. Ke7 Ka5 {[%eval 522,14]} 71. Ne8 {[%emt 0:00:02]} Nb6 {[%emt 0:00:07]} 72.
c7 {[%emt 0:00:02]} Nd5+ {[%emt 0:00:16]} 73. Kf7 {[%emt 0:00:02]} Nb6 {[%emt
0:00:08]} 74. Bxb6+ {[%emt 0:00:06]}) 64... Kxc5 65. Nxh7 1/2-1/2

[Event "Lienz Open 2007"]
[Site "?"]
[Date "2007.02.10"]
[Round "1"]
[White "Piotraschke, Lena"]
[Black "Grundner, Alois"]
[Result "0-1"]
[WhiteElo "1420"]
[BlackElo "1931"]
[Annotator ",Lois"]
[PlyCount "119"]
[TimeControl "300"]

{37MB, LOIS-LXIC8KMRWW} 1. e4 d5 2. exd5 Nf6 3. Nc3 Nxd5 4. Nxd5 Qxd5 5. Qf3 c6
6. Qxd5 cxd5 7. d4 Nc6 8. c3 g6 9. Nf3 Bg7 10. Bb5 O-O 11. Bxc6 bxc6 12. O-O f6
13. Re1 Re8 14. Bd2 e5 15. dxe5 fxe5 16. Bf4 e4 17. Nd4 Bd7 18. h3 Rac8 19.
Rad1 c5 20. Ne2 Bc6 21. Be3 Bb7 22. Nf4 Re5 23. Rd2 Bf8 24. Red1 Rd8 25. a3 a5
26. b3 Be7 27. g3 g5 28. Ng2 Rf5 29. a4 Rc8 30. Rb1 Bf6 31. Rc2 d4 32. cxd4
cxd4 33. Rxc8+ Bxc8 34. Bd2 Rd5 35. Rc1 Bxh3 36. Rc6 Kf7 37. Ra6 Bd8 38. Ra7+
Kg6 39. Ra6+ Kh5 40. Kh2 Bg4 41. Ra7 h6 42. Kg1 Rc5 43. b4 ({-4.25 Fritz 8:} 
43. Ne1 Bd1 44. Ra6 Bc7 45. Re6 Re5 46. Rc6 Re7 47. Nc2 Bxc2 48. Rxc2 Kg4 {
[%eval -250,11]}) 43... Rc2 44. Be1 Bf3 ({-2.69 Fritz 8:} 44... d3 {[%eval
-438,10]}) 45. bxa5 ({-3.94 Fritz 8:} 45. Rd7 Bf6 46. bxa5 Ra2 47. Rd6 Kg6 48.
Bb4 e3 49. Nxe3 Ra1+ {[%eval -269,12]}) 45... Rc1 46. a6 Ba5 47. Kf1 ({-8.00
Fritz 8:} 47. Rf7 Bxe1 48. a7 Bd2+ 49. Kh2 Rc8 50. Kg1 Kg4 51. Rc7 Ra8 {[%eval
-575,12]}) 47... Bxg2+ ({-3.59 Fritz 8:} 47... Kg4 48. Rc7 Bxc7 49. a7 e3 50.
fxe3 Rc2 51. exd4 Bxg2+ 52. Kg1 Bd5 53. Bf2 Bxg3 {[%eval -800,9]}) 48. Kxg2
Bxe1 49. Ra8 Ra1 50. Re8 Rxa4 51. Rxe4 Bc3 52. Re6 Ra2 ({-3.62 Fritz 8:} 52...
d3 {[%eval -522,11]}) 53. Kh3 ({-9.19 Fritz 8:} 53. Kf3 g4+ 54. Ke4 Re2+ 55.
Kd5 d3 56. Rd6 Ra2 57. Kc4 Be1 58. Kb5 d2 {[%eval -362,13]}) 53... g4+ 54. Kg2
d3 55. Rd6 d2 56. Rd3 Rxa6 57. f3 gxf3+ 58. Kxf3 Ra1 59. Ke2 Re1+ 60. Kf2 0-1

[Event "Lienz Open 2007"]
[Site "?"]
[Date "2007.02.11"]
[Round "3"]
[White "Wiecker, Stefan"]
[Black "Grundner, Alois"]
[Result "1-0"]
[WhiteElo "2080"]
[BlackElo "1931"]
[Annotator ",Lois"]
[PlyCount "42"]
[TimeControl "300"]

{37MB, LOIS-LXIC8KMRWW} 1. e4 d5 2. exd5 Nf6 3. Bb5+ Bd7 4. Bc4 b5 5. Bb3 Bg4
6. f3 Bc8 7. Qe2 a6 8. Nc3 g6 9. a3 Bg7 10. d4 O-O 11. Bf4 Bb7 12. Nh3 Nbd7 13.
O-O Nb6 14. Rfe1 Re8 15. Rad1 Nfxd5 16. Nxd5 Bxd5 17. Bxd5 Nxd5 18. Be5 e6 19.
Nf2 Qe7 20. Ng4 h5 21. Ne3 Qg5 {nach etwa weiteren 60 Zügen gewann Schwarz
einen Bauern und dann das Spiel nach etwa weiteren 60 Zügen gewann Schwarz
einen Bauern und dann das Spiel} 1-0

[Event "Lienz Open 2007"]
[Site "?"]
[Date "2007.02.14"]
[Round "6"]
[White "Grundner, Alois"]
[Black "Kawinek, Arnold"]
[Result "1/2-1/2"]
[WhiteElo "1931"]
[BlackElo "1563"]
[Annotator ",Lois"]
[PlyCount "28"]
[TimeControl "300"]

{37MB, TreeB33.ctg, LOIS-LXIC8KMRWW} 1. d4 {[%emt 0:00:00]} e5 2. dxe5 Nc6 3.
Nf3 Qe7 4. Bg5 Qb4+ 5. Nc3 Qxb2 6. Bd2 Bb4 7. Rb1 Qa3 8. Rb3 ({1.09 Fritz 8:} 
8. Nd5 Bxd2+ 9. Qxd2 Qxa2 10. Rd1 Kf8 11. Nxc7 Rb8 12. Qd6+ Nge7 13. Nd5 Ra8
14. Nxe7 {[%eval 181,11]}) 8... Qa5 9. a3 Bxa3 ({3.22 Fritz 8:} 9... Bxc3 10.
Bxc3 Qc5 11. Nd4 a5 12. Nxc6 dxc6 13. Bd4 Qd5 14. Qd3 {[%eval 109,11]}) 10. Nb5
({0.72 Fritz 8:} 10. Rxa3 Qc5 (10... Qxa3 {[%emt 0:00:00]} 11. Nb5 {[%eval 341,
10] [%emt 0:00:02]} Qa4 {[%emt 0:00:12]} 12. Nxc7+ {[%eval 406,10] [%emt 0:00:
06]} Kd8 {[%emt 0:00:01]} 13. Nxa8 {[%eval 425,8] [%emt 0:00:01]} Nge7 {[%emt
0:00:19]} 14. e3 {[%eval 441,10] [%emt 0:00:08]} Ng6 {[%emt 0:00:01]} 15. Bc3 {
[%eval 438,9] [%emt 0:00:07]} Re8 {[%emt 0:00:02]} 16. e6 {[%eval 444,8] [%emt
0:00:04]} fxe6 {[%emt 0:00:04]} 17. Bxg7 {[%eval 441,8] [%emt 0:00:00]}) 11.
Ra4 Nge7 12. Ne4 Qd5 13. e3 Nxe5 {[%eval 322,10]}) (10. Rb5 {[%emt 0:00:00]}
Qa6 {[%eval 278,11] [%emt 0:00:11]} 11. e4 {[%emt 0:00:20]} Be7 {[%eval 256,9]
[%emt 0:00:06]} 12. Nd5 {[%emt 0:00:04]} Bd8 {[%eval 175,10] [%emt 0:00:08]})
10... Bb4 11. Nxc7+ ({0.00 Fritz 8:} 11. e3 Nh6 12. c3 Bc5 13. c4 Bb4 14. Bxb4
Nxb4 15. Nxc7+ Qxc7 16. Rxb4 {[%eval 69,10]}) 11... Qxc7 12. Bxb4 Nxb4 13. Rxb4
Qc3+ 14. Qd2 Qa1+ 1/2-1/2